000 00619cam a2200253 4500
008 090401t1992 xxu||||| |||| 00| 0 eng d
020 _a8460608751
035 _a(Sirsi) u1763
041 _aeng
050 _a914.641
110 _aMuseo de la Ciudad
_9150
245 _aLos planos de Madrid su epoca (1622 - 1992).
260 _aMadrid?
_c1992
300 _a528p. : ill.,maps ; 31x43cm.
350 _a0
520 _aText in Spanish.
650 _aARCHITECTURE
650 _aATLASES
650 _aMADRID
650 _aSPAIN
690 _aMAPPING AND MEASUREMENT
942 _n0
948 _c04/03/1997
999 _c85693
_d85693